000 00889nam a2200229 a 4500
001 BRCA_9097
005 20190320210524.0
008 041017s1778----sp-#######---#000-0#spa-#
041 _aspa
044 _asp
084 _aBE50
_b.C67 1778
100 1 _aCortines, Francisco Ignacio
_921110
245 1 0 _aSermones del P.D. Nicolas Gallo Presbítero de la Congregación Del Salvador del Mundo de Madrid, que da a luz
_cFrancisco Ignacio Cortines.
260 _aMadrid
_bEn la imprenta de D. Manuel Martin
_c1778
300 _a248 p. (t.5)
_c21 x 15 cm
500 _aEstado físico: presenta encuadernación en pergamino con presencia del pez de plata
500 _aCon las licencias necesarias
600 1 4 _aGallo, Nicolas
_cPresbítero de la Congregación Del Salvador del Mundo de Madrid
_921111
650 1 4 _aTeología pastoral
_ySiglo XVIII
_921112
902 _aCFM
942 _2lcc
_cB
999 _c8746
_d8746